000 00573nam a22001937a 4500
003 KOHA_MİRAKIL
005 20251218093317.0
008 251218b tu ||||| |||| 00| 0 tur d
020 _a9786258352962
040 _aTR-AnABB
_btur
_cTR-AnABB
041 _atur
082 _a956.101503
_bOSM 2024
100 1 _aÜnal, Mehmet Ali,
245 1 0 _aOsmanlı araştırmaları için kılavuz /
_cMehmet Ali Ünal
260 _aAnkara :
_bTürkiye Bilimler Akademisi,
_c2024
300 _a675 sayfa ;
_c30 cm
650 0 4 _aOsmanlı İmparatorluğu
942 _2ddc
_cBK
999 _c9748
_d9748
900 _bGizem YORULMAZ